[Event "Politiken Cup"]
[Site "Helsingor DEN"]
[Date "2009.07.23"]
[Round "7"]
[White "Andersen,Ru2"]
[Black "Jorgensen,D"]
[Result "1-0"]
[WhiteElo "2026"]
[BlackElo "2207"]
[EventDate "2009.07.18"]

1. e4 c6 2. d4 d5 3. exd5 cxd5 4. Bd3 Nc6 5. c3 Nf6 6. Bf4 Bg4 7. Qb3 Qc8
8. Nd2 e6 9. Ngf3 Be7 10. O-O O-O 11. Rae1 Nh5 12. Be5 Bxf3 13. Nxf3 a6 14.
Qc2 g6 15. Qd2 Qd8 16. Qh6 Re8 17. g4 Bf8 18. Qd2 Nf6 19. Qf4 Bg7 20. Re3
Rc8 21. Ng5 Qe7 22. Rfe1 Nxe5 23. dxe5 Nd7 24. Rh3 h6 25. Nf3 Qc5 26. Re3
Qc7 27. Rxh6 Nf8 28. Rh3 Qb6 29. Re2 Re7 30. Qg3 Rd7 31. Qh4 Qd8 32. Qg3 b5
33. a3 Rc4 34. Nd4 Rb7 35. Qe3 Rcc7 36. f4 f6 37. exf6 Qxf6 38. Nxe6 Re7
39. f5 Nxe6 40. fxe6 d4 41. cxd4 Qxd4 42. Qxd4 Bxd4+ 43. Kg2 Kg7 44. Bb1
Rbc7 45. Rd3 Bf6 46. Rd6 Rc1 47. Ba2 Rec7 48. Bb3 a5 49. Rd7+ Rxd7 50. exd7
a4 51. Bc2 Bd8 52. Kf3 Kf6 53. Ke3 Rg1 54. Kf3 Rf1+ 55. Kg2 Rc1 56. h4 Bb6
57. g5+ Kf7 58. Bxg6+ Kxg6 59. Re6+ Kh5 60. Rxb6 1-0

[Event "Politiken Cup"]
[Site "Helsingor DEN"]
[Date "2009.07.23"]
[Round "7"]
[White "Kaaber,J"]
[Black "Jorgensen,C"]
[Result "1-0"]
[WhiteElo "2184"]
[BlackElo "2013"]
[EventDate "2009.07.18"]

1. c4 c6 2. g3 d5 3. Bg2 dxc4 4. Na3 Bf5 5. Nxc4 Nd7 6. Nf3 Ngf6 7. O-O e6
8. d3 Be7 9. Bf4 Nb6 10. Na5 Qc8 11. Nd4 Bg6 12. Nxb7 O-O 13. Na5 Nfd5 14.
Naxc6 Bf6 15. Be5 Bxe5 16. Nxe5 Qc5 17. Ndc6 Bh5 18. g4 Bxg4 19. Rc1 Ne3
20. Rxc5 Nxd1 21. Nxg4 Nxb2 22. Ne7+ Kh8 23. Bxa8 Rxa8 24. Ne5 1-0

[Event "Politiken Cup"]
[Site "Helsingor DEN"]
[Date "2009.07.23"]
[Round "7"]
[White "Pedersen,NicK"]
[Black "Hvenekilde,J"]
[Result "1-0"]
[WhiteElo "2014"]
[BlackElo "2179"]
[EventDate "2009.07.18"]

1. d4 d5 2. Nf3 c6 3. c4 e6 4. Qc2 Nf6 5. Bg5 Nbd7 6. e3 Be7 7. Nc3 O-O 8.
Be2 h6 9. Bh4 dxc4 10. Bxc4 b5 11. Be2 a6 12. O-O Bb7 13. Rfd1 Rc8 14. Ne5
Nxe5 15. Bxf6 Nd7 16. Bxe7 Qxe7 17. Bf3 e5 18. Bg4 Rcd8 19. Bxd7 Rxd7 20.
dxe5 Rxd1+ 21. Rxd1 Qxe5 22. Ne4 c5 23. Nxc5 Rc8 24. b4 Qg5 25. e4 Rc7 26.
Qd2 Qxd2 27. Rxd2 Bxe4 28. f4 Bb7 29. Rd7 Rxd7 30. Nxd7 Bc8 31. Nc5 Kf8 32.
Kf2 Ke7 33. Ke3 Kd6 34. Kd4 Kc6 35. a3 Kd6 36. g3 Kc6 37. Ke5 a5 38. Nb3
f6+ 39. Ke4 axb4 40. axb4 Kd6 41. Kd4 g5 42. Nc5 gxf4 43. gxf4 Bf5 44. Nb3
Ke6 45. Nd2 Kd6 46. Nf1 Bg6 47. Ne3 Ke6 48. Kc5 Bd3 49. Kc6 Bc4 50. Kc5 Bd3
51. h4 Be2 52. Nc2 Kf7 53. Nd4 Bd3 54. Nxb5 Kg6 55. Nd6 Kh5 56. Kd4 Bf1 57.
Ke3 Kxh4 58. Nf5+ Kh3 59. Nxh6 Bc4 60. Nf5 1-0

[Event "Politiken Cup"]
[Site "Helsingor DEN"]
[Date "2009.07.23"]
[Round "7"]
[White "Wahlstrom,L"]
[Black "Strand,Kj"]
[Result "1-0"]
[WhiteElo "2179"]
[BlackElo "2043"]
[EventDate "2009.07.18"]

1. e4 e5 2. Nf3 Nc6 3. Nc3 Nf6 4. d4 exd4 5. Nxd4 Bb4 6. Nxc6 bxc6 7. Bd3
d5 8. exd5 cxd5 9. O-O O-O 10. Bg5 Bxc3 11. bxc3 h6 12. Bf4 Bg4 13. f3 Bd7
14. Qd2 Qe7 15. Rfe1 Qc5+ 16. Be3 Qd6 17. Qf2 Rfc8 18. Bc5 Qc6 19. Bxa7
Qxc3 20. Bd4 Qc6 21. Qg3 Ra4 22. c3 Rxd4 23. cxd4 Qc3 24. Ba6 Ra8 25. Bf1
Qxd4+ 26. Qf2 Qxf2+ 27. Kxf2 c5 28. Rec1 Ra5 29. g4 Kf8 30. Rc2 Ke7 31. Rb1
Kd6 32. Rb6+ Bc6 33. Rb8 c4 34. h4 Ra3 35. Be2 Nd7 36. Rg8 g6 37. Rh8 d4
38. Rxc4 Ne5 39. Rxd4+ Kc5 40. Rd2 Bxf3 41. Bxf3 Rxf3+ 42. Kg2 Rf4 43. Rc8+
Kb4 44. Rb2+ Ka3 45. Rb5 Nxg4 46. Ra8+ Ra4 47. Rb3+ Kxa2 48. Rxa4+ Kxb3 49.
Rxg4 Kc3 50. Rf4 f5 51. h5 1-0

[Event "Politiken Cup"]
[Site "Helsingor DEN"]
[Date "2009.07.23"]
[Round "7"]
[White "Bryn,T"]
[Black "Wickstrom,L"]
[Result "0-1"]
[WhiteElo "2024"]
[BlackElo "2177"]
[EventDate "2009.07.18"]

1. d4 Nf6 2. c4 e6 3. Nc3 c5 4. d5 exd5 5. cxd5 d6 6. e4 g6 7. f4 Bg7 8.
Nf3 O-O 9. Be2 Re8 10. e5 dxe5 11. fxe5 Ng4 12. e6 fxe6 13. d6 Ne5 14. O-O
Nbd7 15. Nxe5 Bxe5 16. Bf4 Bd4+ 17. Kh1 a6 18. Qe1 b5 19. Qg3 Ra7 20. Bd3
Nf6 21. Bg5 Nh5 22. Qh4 Qxd6 23. Ne4 Qd5 24. Rad1 Bb7 25. Rd2 Bc6 26. Nf6+
Nxf6 27. Bxf6 Qh5 28. Qxh5 gxh5 29. Be2 Rd7 30. Bxh5 Rf8 0-1

[Event "Politiken Cup"]
[Site "Helsingor DEN"]
[Date "2009.07.23"]
[Round "7"]
[White "Molvig,H"]
[Black "Nielsen,Las"]
[Result "1-0"]
[WhiteElo "2176"]
[BlackElo "2032"]
[EventDate "2009.07.18"]

1. d4 d5 2. c4 c6 3. Nf3 Nf6 4. Nc3 dxc4 5. a4 Bf5 6. Ne5 e6 7. f3 Bb4 8.
e4 Bg6 9. Bxc4 c5 10. Be3 O-O 11. O-O cxd4 12. Qxd4 Qa5 13. Rfd1 Nc6 14.
Nxc6 bxc6 15. Be2 Rfc8 16. Qc4 Bxc3 17. Qxc3 Qxc3 18. bxc3 Kf8 19. Rab1 Rc7
20. a5 Nd7 21. a6 Ke7 22. Rb7 Rxb7 23. axb7 Rb8 24. Ba6 Nb6 25. Bf4 1-0

[Event "Politiken Cup"]
[Site "Helsingor DEN"]
[Date "2009.07.23"]
[Round "7"]
[White "Nilsson,Anders1"]
[Black "Jensen,Mo"]
[Result "1-0"]
[WhiteElo "2169"]
[BlackElo "2026"]
[EventDate "2009.07.18"]

1. d4 Nf6 2. c4 e6 3. Nc3 Bb4 4. e3 d5 5. a3 Bxc3+ 6. bxc3 dxc4 7. Bxc4 O-O
8. Nf3 b6 9. a4 Bb7 10. Ba3 Re8 11. O-O Nbd7 12. Qe2 Qc8 13. Ng5 h6 14. Nh3
c5 15. f3 Qc7 16. e4 Rac8 17. Rac1 Qc6 18. Bb5 Qc7 19. Bc4 Qc6 20. Bb5 Qc7
21. Bd3 Qc6 22. e5 c4 23. Bc2 Nd5 24. Qd2 Nf8 25. Nf2 f5 26. exf6 Nxf6 27.
Ne4 Nxe4 28. fxe4 e5 29. Rf5 exd4 30. cxd4 Rxe4 31. d5 c3 32. Qf2 Qxd5 33.
Rxd5 Bxd5 34. Bxe4 Bxe4 35. Rf1 Ng6 36. Qf7+ Kh7 37. Qe6 Bb7 38. Qd7 Ba6
39. Rf2 Rg8 40. Qc7 c2 41. Qxc2 Re8 42. Qc3 1-0

[Event "Politiken Cup"]
[Site "Helsingor DEN"]
[Date "2009.07.23"]
[Round "7"]
[White "Sorensen,D"]
[Black "Eriksson,Mag2"]
[Result "0-1"]
[WhiteElo "2005"]
[BlackElo "2160"]
[EventDate "2009.07.18"]

1. d4 Nf6 2. Nf3 e6 3. g3 d5 4. Bg2 Be7 5. O-O O-O 6. b3 Nbd7 7. Bb2 b6 8.
Nbd2 Bb7 9. c4 c6 10. e3 Rc8 11. Ne5 Nxe5 12. dxe5 Nd7 13. f4 Qc7 14. Qg4
g6 15. h4 h5 16. Qe2 f5 17. exf6 Bxf6 18. Bxf6 Nxf6 19. e4 d4 20. e5 Ng4
21. Bh3 Ne3 22. Bxe6+ Kg7 23. Bxc8 Nxf1 24. Bxb7 Nxg3 25. Qf3 Rxf4 26. Qxc6
Qxe5 27. Nf3 Qe3+ 28. Kg2 Ne4 29. Qc7+ Kh6 30. Bxe4 Qxe4 31. Rf1 Qe2+ 32.
Rf2 Rg4+ 33. Qg3 Rxg3+ 34. Kxg3 Qe3 35. Kg2 Qe4 36. Rd2 d3 37. Kf2 Kg7 38.
Kg3 Qg4+ 39. Kf2 Qe4 40. Kg3 Qe3 41. b4 Kf6 42. Kg2 Ke7 43. a3 Kf6 44. c5
bxc5 45. bxc5 Ke7 46. c6 Kd6 47. a4 a5 0-1

[Event "Politiken Cup"]
[Site "Helsingor DEN"]
[Date "2009.07.23"]
[Round "7"]
[White "Christensen,R"]
[Black "Vanman,K"]
[Result "0-1"]
[WhiteElo "1974"]
[BlackElo "2158"]
[EventDate "2009.07.18"]

1. e4 c5 2. Nf3 d6 3. d4 cxd4 4. Nxd4 Nf6 5. Nc3 a6 6. a4 e5 7. Nb3 Be6 8.
Bg5 Be7 9. Bxf6 gxf6 10. Nd5 Nc6 11. Qd2 Bxd5 12. exd5 Na7 13. Bd3 Qd7 14.
Qh6 f5 15. Qg7 O-O-O 16. Qxf7 Rdf8 17. Qe6 Qxe6 18. dxe6 d5 19. O-O-O Nc6
20. Be2 Rd8 21. Bh5 Kc7 22. Bf7 d4 23. h4 b6 24. h5 e4 25. h6 Bf6 26. Rh5
Ne7 27. a5 Rd6 28. Kb1 Rb8 29. Ka2 bxa5 30. Nc5 d3 31. c3 Rb5 32. Nd7 Bh8
33. Nf8 a4 34. Nd7 f4 35. Rc5+ Rc6 36. Rxb5 axb5 37. Nf8 b4 38. Kb1 bxc3
39. bxc3 Rxc3 40. Nxh7 e3 41. Bh5 Ra3 0-1

[Event "Politiken Cup"]
[Site "Helsingor DEN"]
[Date "2009.07.23"]
[Round "7"]
[White "Kaster,M"]
[Black "Krumm,J"]
[Result "1/2-1/2"]
[WhiteElo "2154"]
[BlackElo "2022"]
[EventDate "2009.07.18"]

1. e4 c5 2. Nc3 Nc6 3. g3 g6 4. Bg2 Bg7 5. Nf3 d6 6. h3 e5 7. O-O Nge7 8.
d3 O-O 9. Be3 h6 10. Qd2 Bd7 1/2-1/2

[Event "Politiken Cup"]
[Site "Helsingor DEN"]
[Date "2009.07.23"]
[Round "7"]
[White "Korley,K"]
[Black "Botheim,T"]
[Result "1-0"]
[WhiteElo "2143"]
[BlackElo "1939"]
[EventDate "2009.07.18"]

1. d4 Nf6 2. c4 g6 3. Nc3 Bg7 4. e4 d6 5. Nf3 O-O 6. Be2 e5 7. O-O Nc6 8.
d5 Ne7 9. b4 Nh5 10. g3 f5 11. Ng5 Nf6 12. f3 c6 13. Be3 f4 14. Bf2 h6 15.
Ne6 Bxe6 16. dxe6 Ne8 17. Qb3 Nc7 18. Rad1 fxg3 19. hxg3 Kh7 20. c5 d5 21.
exd5 cxd5 22. Nxd5 Nexd5 23. Bc4 Nxe6 24. Bxd5 Nd4 25. Bxb7 Qc7 26. Rxd4
exd4 27. Bxa8 Rxa8 28. Re1 a5 29. a3 axb4 30. axb4 Qb7 31. b5 Rc8 32. Rc1
Rb8 33. c6 Qb6 34. Qd5 Rd8 35. Qc5 Qxc5 36. Rxc5 d3 37. c7 Rc8 38. b6 d2
39. Rd5 Be5 40. Rxd2 Bxc7 41. Rd7+ 1-0

[Event "Politiken Cup"]
[Site "Helsingor DEN"]
[Date "2009.07.23"]
[Round "7"]
[White "Petkovic,P"]
[Black "Greeuw,S"]
[Result "1-0"]
[WhiteElo "2149"]
[BlackElo "1968"]
[EventDate "2009.07.18"]

1. e4 c5 2. Nf3 Nc6 3. d4 cxd4 4. Nxd4 e5 5. Nb5 d6 6. N1c3 a6 7. Na3 b5 8.
Nd5 Nge7 9. Be3 Nxd5 10. Qxd5 Qc7 11. c4 Be6 12. Qd2 d5 13. Nc2 dxc4 14.
Be2 Rd8 15. Qc1 Nd4 16. Bd1 Nxc2+ 17. Bxc2 Bb4+ 18. Ke2 O-O 19. Rd1 c3 20.
b3 Rxd1 21. Qxd1 Rd8 22. Qe1 Kh8 23. Rd1 Rd2+ 24. Bxd2 cxd2 25. Rxd2 g6 26.
Rd8+ Qxd8 27. Qxb4 Kg7 28. Qc5 Qf6 29. f3 Bd7 30. b4 Be6 31. a3 Qf4 32. g3
Qg5 33. Bd3 Qh5 34. h4 Kf6 35. Qf8 Bh3 36. Ke3 Bg2 37. g4 1-0

[Event "Politiken Cup"]
[Site "Helsingor DEN"]
[Date "2009.07.23"]
[Round "7"]
[White "Vaarala,E"]
[Black "Porte,H"]
[Result "1/2-1/2"]
[WhiteElo "1964"]
[BlackElo "2115"]
[EventDate "2009.07.18"]

1. d4 Nf6 2. c4 e6 3. Nf3 d5 4. Nc3 c5 5. cxd5 cxd4 6. Qa4+ Bd7 7. Qxd4
exd5 8. Bg5 Nc6 9. Qd2 Be6 10. e3 h6 11. Bxf6 Qxf6 12. Bb5 Bc5 13. Nxd5
Bxd5 14. Qxd5 Bb4+ 15. Kf1 O-O 16. Bxc6 bxc6 17. Qd4 Qe7 18. a3 Bd6 19. Ke2
Rfd8 20. Qc3 Qb7 21. Rhd1 Be7 22. Nd4 c5 23. Qb3 Qxg2 24. Nf3 Qg6 25. Qb7
Qc2+ 26. Ke1 Bf6 27. Rab1 Rab8 28. Qc7 Rxd1+ 29. Rxd1 Rxb2 30. Nd2 c4 31.
Qc8+ Kh7 32. Qxc4 Qxc4 33. Nxc4 Rc2 34. Nd6 Kg6 35. Rd3 Ra2 36. h3 Bh4 37.
Ne4 Kf5 38. Rd4 Be7 39. a4 Ke5 40. Nc3 Rc2 41. Re4+ Kd6 42. Nb5+ Kd7 43.
Nxa7 f5 44. Rd4+ Ke6 45. Nb5 Bc5 46. Rd2 Rc1+ 47. Ke2 Ra1 48. Nc7+ Kf6 49.
Rd5 Bb4 50. Rb5 Ra2+ 51. Kf1 Bd2 52. Ne8+ Kg6 53. Rb6+ Kh7 54. Rb7 Bc3 55.
Rc7 Ba1 56. Ra7 f4 57. exf4 Bd4 58. Rd7 Rxf2+ 59. Ke1 Rxf4 60. Kd2 Be5 61.
a5 Ra4 62. Rd5 Bf4+ 63. Kd3 Bg3 64. Rd7 Rxa5 1/2-1/2

[Event "Politiken Cup"]
[Site "Helsingor DEN"]
[Date "2009.07.23"]
[Round "7"]
[White "Hansen,MM"]
[Black "Johansen,J"]
[Result "1-0"]
[WhiteElo "2144"]
[BlackElo "1968"]
[EventDate "2009.07.18"]

1. d4 Nf6 2. c4 g6 3. Nc3 d5 4. cxd5 Nxd5 5. Na4 Bg7 6. e4 Nb6 7. Be3 Nxa4
8. Qxa4+ c6 9. Nf3 O-O 10. h3 Nd7 11. Rd1 Qe8 12. Bd3 e5 13. O-O exd4 14.
Bxd4 Bxd4 15. Qxd4 Qe7 16. e5 Re8 17. Rfe1 Nf8 18. Qe3 Be6 19. Bc2 Rad8 20.
Rxd8 Rxd8 21. Qxa7 Bd5 22. Be4 Qb4 23. Bxd5 Rxd5 24. Qe3 Qxb2 25. Re2 Qb1+
26. Kh2 Qd3 27. Qxd3 Rxd3 28. Rb2 Rd7 29. Ng5 Re7 30. f4 Kg7 31. Ne4 Ne6
32. Kg3 Nd4 33. Kf2 Rc7 34. Nd6 Kf8 35. Rxb7 Rxb7 36. Nxb7 Ke7 37. Nc5 f6
38. a4 fxe5 39. fxe5 Kd8 40. Ke3 Nf5+ 41. Kf4 h6 42. g4 Ne7 43. e6 Nd5+ 44.
Ke5 Ke7 45. Nb3 Nc7 46. Nd4 c5 47. Nc6+ Ke8 48. Kd6 Na6 49. Ne5 g5 50. Nd7
1-0

[Event "Politiken Cup"]
[Site "Helsingor DEN"]
[Date "2009.07.23"]
[Round "7"]
[White "Lyngsjo,H"]
[Black "Haubro,S"]
[Result "0-1"]
[WhiteElo "1943"]
[BlackElo "2144"]
[EventDate "2009.07.18"]

1. e4 d5 2. exd5 Qxd5 3. Nc3 Qa5 4. d4 Nf6 5. g3 c6 6. Bg2 Bf5 7. Nge2 e6
8. O-O Be7 9. Bd2 Qd8 10. h3 O-O 11. Be3 Nd5 12. g4 Nxe3 13. fxe3 Bg6 14.
Nf4 Nd7 15. Ne4 Qb6 16. c3 Rad8 17. Qb3 e5 18. Nxg6 hxg6 19. Kh1 Qxb3 20.
axb3 a6 21. b4 f5 22. Nc5 Nxc5 23. bxc5 Bg5 24. Rfe1 Bh4 25. Re2 f4 26.
exf4 exd4 27. cxd4 Rxd4 28. Be4 Re8 29. Bd5+ Kf8 30. Rxe8+ Kxe8 31. Be6
Rxf4 32. Ra3 Rf1+ 33. Kg2 Rf2+ 34. Kg1 Rxb2 35. Rb3 Bf2+ 36. Kf1 Rxb3 37.
Bxb3 Bxc5 38. Ke2 g5 39. Kd3 Ke7 40. Kc4 Kd6 0-1

[Event "Politiken Cup"]
[Site "Helsingor DEN"]
[Date "2009.07.23"]
[Round "7"]
[White "Meier,L"]
[Black "Carstensen,J"]
[Result "0-1"]
[WhiteElo "1888"]
[BlackElo "2330"]
[EventDate "2009.07.18"]

1. e4 c5 2. c3 Nf6 3. e5 Nd5 4. d4 d6 5. Bc4 Nb6 6. Bb5+ Bd7 7. Bxd7+ N8xd7
8. exd6 exd6 9. Nf3 Be7 10. O-O O-O 11. Bf4 Nd5 12. Bg3 N7b6 13. Nbd2 Re8
14. Re1 c4 15. Qc2 Qd7 16. Ne4 h6 17. Ned2 Rac8 18. Nf1 f5 19. h3 Nf6 20.
N3d2 Nh5 21. Bh2 g6 22. Ng3 Ng7 23. Ne2 Kh7 24. Nf1 Bg5 25. Nf4 Bxf4 26.
Bxf4 Nd5 27. Bh2 b5 28. Ne3 Nxe3 29. Rxe3 Rxe3 30. fxe3 Re8 31. Re1 Re4 32.
Qf2 Nh5 33. Kf1 a5 34. a3 g5 35. Qf3 Ng7 36. Rd1 Kg6 37. d5 Qe7 38. Kf2 Ne8
39. Rd4 Nf6 40. Rxe4 Nxe4+ 41. Kg1 Qa7 42. g4 Qf7 43. gxf5+ Qxf5 44. Qxf5+
Kxf5 45. Kg2 h5 46. Kf3 g4+ 47. hxg4+ hxg4+ 48. Kg2 Kf6 49. Bf4 Ke7 50. Kh2
Kd7 51. Kg2 Kc7 52. Bh6 Kb6 53. Bg7 Kc5 54. Bd4+ Kxd5 55. Bb6 a4 56. Bd4
Ke6 57. Ba7 Kf5 58. Bb8 d5 59. Ba7 Ng5 60. Kf2 Nf3 0-1

[Event "Politiken Cup"]
[Site "Helsingor DEN"]
[Date "2009.07.23"]
[Round "7"]
[White "Angskog,K"]
[Black "Hansen,ReR"]
[Result "1/2-1/2"]
[WhiteElo "2255"]
[BlackElo "1991"]
[EventDate "2009.07.18"]

1. Nf3 d5 2. c4 c6 3. b3 Bf5 4. g3 e6 5. Bb2 Nf6 6. Bg2 Be7 7. O-O O-O 8.
d3 h6 9. Re1 Nbd7 10. Nc3 Bh7 11. a3 Qc7 12. cxd5 exd5 13. Rc1 a6 14. b4
Qd6 15. Na4 Rfc8 16. Bh3 Re8 17. Qb3 b5 18. Nc5 Nxc5 19. bxc5 Qc7 20. Ne5
Bf8 21. f4 Rad8 22. Bd4 Re7 23. Qc3 Ne8 24. a4 f6 25. Nf3 Ra8 26. Nh4 Qd8
27. Nf5 Bxf5 28. Bxf5 Nc7 29. Ra1 Qe8 30. e4 bxa4 31. Rxa4 Nb5 32. Qc2 g6
33. Bh3 Bg7 34. Ba1 Kh7 35. f5 g5 36. Bg2 Qd8 37. Rf1 Nc7 38. e5 Rxe5 39.
Bxe5 fxe5 40. f6 Bxf6 41. Qf2 Kg7 42. Ra2 Rb8 43. Qf5 Qe7 44. Raf2 Rf8 45.
Kh1 Qxc5 46. Bf3 Qd6 47. Bh5 Be7 48. Qg4 Bf6 49. Qf5 Be7 50. Qg4 Bf6 51.
Qf5 1/2-1/2

[Event "Politiken Cup"]
[Site "Helsingor DEN"]
[Date "2009.07.23"]
[Round "7"]
[White "Kvisla,J"]
[Black "Larsen,Andr"]
[Result "1-0"]
[WhiteElo "2222"]
[BlackElo "1968"]
[EventDate "2009.07.18"]

1. d4 Nf6 2. Nf3 e6 3. g3 d5 4. Bg2 Be7 5. O-O O-O 6. c4 c6 7. Qc2 Nbd7 8.
Nbd2 b6 9. e4 dxe4 10. Nxe4 Bb7 11. Nc3 c5 12. d5 exd5 13. cxd5 Nxd5 14.
Nxd5 Bxd5 15. Rd1 Be6 16. Ne5 Nxe5 17. Rxd8 Raxd8 18. Bd2 c4 19. b3 Bc5 20.
bxc4 Nxc4 21. Bc3 Rfe8 22. Bc6 Rf8 23. Re1 Rd6 24. Be4 Rfd8 25. Bxh7+ Kf8
26. Qc1 Nd2 27. Re2 Ne4 28. Kg2 Rd1 29. Qb2 Nxc3 30. Qxc3 R8d4 31. Bc2 Bd5+
32. f3 Rc4 33. Re8+ Kxe8 34. Qe5+ Be6 35. Bxd1 Bd4 36. Qb8+ Rc8 37. Ba4+
Ke7 38. Qxa7+ Kf6 39. g4 Bxa2 40. Qd7 Rc4 41. Qd6+ Kg5 42. Kg3 f6 43. Qf4+
Kg6 44. Qe4+ Kh6 45. Qe8 Be5+ 46. Kh3 Kh7 47. Bc6 Rd4 48. Be4+ Rxe4 49.
fxe4 Bc4 50. g5 b5 51. Kg4 1-0

[Event "Politiken Cup"]
[Site "Helsingor DEN"]
[Date "2009.07.23"]
[Round "7"]
[White "Akdag,D"]
[Black "Andersen,Dani"]
[Result "1/2-1/2"]
[WhiteElo "2198"]
[BlackElo "1963"]
[EventDate "2009.07.18"]

1. d4 Nf6 2. c4 g6 3. Nc3 d5 4. cxd5 Nxd5 5. Bd2 Bg7 6. e4 Nxc3 7. Bxc3 c5
8. Bb5+ Bd7 9. Bxd7+ Nxd7 10. Nf3 cxd4 11. Bxd4 Qa5+ 12. Qd2 Qxd2+ 13. Kxd2
O-O 14. Rhd1 Bxd4 15. Nxd4 a6 16. Ke2 Nf6 17. Ke3 Rfd8 18. h3 Rd7 19. Rd3
Rad8 20. Rad1 e5 21. Nf3 Rxd3+ 22. Rxd3 Re8 23. Rd6 Kg7 24. Ne1 Re6 25. Rd8
Ne8 26. Nd3 b6 27. Rd7 a5 28. g3 g5 29. f4 exf4+ 30. gxf4 gxf4+ 31. Nxf4
Rc6 32. e5 Nc7 33. Ke4 Kf8 34. Kf5 Rc2 35. b3 Ke8 36. Rd6 b5 37. Nh5 Rxa2
38. Nf6+ Kf8 39. Nxh7+ Kg7 40. Ng5 Rf2+ 41. Ke4 a4 42. bxa4 bxa4 43. Rd7
Nb5 44. Rb7 Kg6 45. h4 Rb2 46. Rxf7 a3 47. Rf6+ Kg7 48. Ra6 Re2+ 49. Kd3
1/2-1/2

[Event "Politiken Cup"]
[Site "Helsingor DEN"]
[Date "2009.07.23"]
[Round "7"]
[White "Skovgaard,T"]
[Black "Algra,J"]
[Result "0-1"]
[WhiteElo "1983"]
[BlackElo "2123"]
[EventDate "2009.07.18"]

1. e4 e6 2. d4 c5 3. Nf3 cxd4 4. Nxd4 Bc5 5. Nb3 Be7 6. Nc3 d6 7. Bd3 Nf6
8. Be3 a6 9. f4 Nbd7 10. Qf3 Qc7 11. a4 b6 12. g4 g5 13. h4 gxf4 14. Qxf4
Ne5 15. Be2 Bb7 16. g5 Nfd7 17. Qf1 f5 18. exf5 exf5 19. Bh5+ Ng6 20. Bf3
f4 21. Qg2 d5 22. Bd4 Rf8 23. Nxd5 Bxd5 24. Bxd5 f3 25. Bxf3 O-O-O 26. Be2
Nc5 27. Nxc5 bxc5 28. Bxa6+ Kb8 29. Bf2 Qa5+ 30. c3 Qxa6 31. Bg3+ Ka7 32.
Rf1 Rfe8 33. Rf2 Bd6+ 34. Re2 Bxg3+ 35. Kf1 Rxe2 36. Qxe2 Rf8+ 0-1

[Event "Politiken Cup"]
[Site "Helsingor DEN"]
[Date "2009.07.23"]
[Round "7"]
[White "Helin,M"]
[Black "Pedersen,Pet2"]
[Result "0-1"]
[WhiteElo "1973"]
[BlackElo "2119"]
[EventDate "2009.07.18"]

1. e4 c5 2. d3 Nc6 3. a3 g6 4. Nc3 Bg7 5. g3 d6 6. Bg2 e5 7. h3 Nge7 8. Be3
O-O 9. Qd2 Nd4 10. Rb1 Be6 11. h4 h5 12. Nd5 Nxd5 13. exd5 Bd7 14. f3 Nf5
15. Bf2 Bh6 16. Qe2 Qa5+ 17. Kf1 Rae8 18. c3 Ne7 19. g4 Nxd5 20. gxh5 Nf4
21. Qd2 Bf5 22. Be3 Bxd3+ 23. Kf2 Bxb1 24. Ne2 Bf5 25. Ng3 Qb5 26. Nxf5
gxf5 27. Bf1 Qd7 28. Ke1 Kh8 29. Kd1 Qc6 30. Rh3 Rg8 31. b3 d5 32. Kc2 d4
33. Bxf4 Bxf4 34. Qd3 e4 35. Qc4 d3+ 36. Kb2 Qe6 37. Qa4 d2 38. Be2 Rg1 39.
b4 cxb4 40. axb4 b5 41. Qc2 Rc1 0-1

[Event "Politiken Cup"]
[Site "Helsingor DEN"]
[Date "2009.07.23"]
[Round "7"]
[White "Karlsson,J"]
[Black "Hansen,I"]
[Result "1-0"]
[WhiteElo "2118"]
[BlackElo "1943"]
[EventDate "2009.07.18"]

1. Nf3 g6 2. e4 Bg7 3. d4 d6 4. Nc3 Nd7 5. Bc4 Nb6 6. Bb3 Nf6 7. a4 O-O 8.
a5 Nbd7 9. e5 dxe5 10. dxe5 Ng4 11. e6 Nde5 12. Qxd8 Rxd8 13. exf7+ Nxf7
14. O-O Kf8 15. Nb5 Nge5 16. Ng5 Nxg5 17. Bxg5 Bf5 18. Nxc7 Rac8 19. Rfd1
Rxd1+ 20. Rxd1 Nc6 21. Ne6+ Bxe6 22. Bxe6 Rd8 23. Rxd8+ Nxd8 24. Bc8 Bxb2
25. Be3 Bc3 26. a6 bxa6 27. Bxa6 Nc6 28. Bb5 Nb4 29. Ba4 a5 30. Bb3 Kg7 31.
h4 Nc6 32. g3 Nd4 33. Ba4 Nf5 34. Bb6 Nd4 35. Kg2 Kf6 36. f3 Ke5 37. Bd8
Kd6 38. g4 h6 39. Bb6 Kd5 40. Kf2 Bd2 41. Bd8 Kd6 42. c4 Bb4 43. Kg2 g5 44.
h5 Ne6 45. Bb6 Nc5 46. Bb5 Ne6 47. Be3 Ke5 48. Ba4 Nc5 49. Bc2 Ne6 50. Kf1
Nd4 51. Bd1 Bc3 52. Kf2 Ne6 53. Ke2 Nf4+ 54. Kf1 Ne6 55. Ba4 Bb4 56. Ke2
Nc5 57. Bc2 Ne6 58. Be4 Nc5 59. Bc6 Ne6 60. Kd1 Nd4 61. Be4 a4 62. Kc1 a3
63. Kb1 Ne2 64. Bc2 Nc3+ 65. Ka1 Ne2 66. Ka2 Nc3+ 67. Kb3 a2 68. Kb2 Ba3+
69. Ka1 Kd6 70. Bd4 Ne2 71. Bg7 Kc5 72. Kxa2 Bb4 73. Bxh6 Kxc4 74. Bg7 1-0

[Event "Politiken Cup"]
[Site "Helsingor DEN"]
[Date "2009.07.23"]
[Round "7"]
[White "Haarr,J"]
[Black "Justinussen,S"]
[Result "1-0"]
[WhiteElo "2110"]
[BlackElo "1942"]
[EventDate "2009.07.18"]

1. e4 e5 2. f4 d6 3. Bc4 Nf6 4. Nc3 Nc6 5. d3 Na5 6. Bb3 Nxb3 7. axb3 Be7
8. fxe5 dxe5 9. Nf3 Bg4 10. O-O O-O 11. h3 Bh5 12. Kh1 Nd7 13. Qe1 a6 14.
g4 Bg6 15. Qg3 Bd6 16. Nh4 Nc5 17. Nf5 Ne6 18. Ne2 Nd4 19. Nexd4 exd4 20.
Nxd6 cxd6 21. h4 h6 22. h5 Bh7 23. g5 hxg5 24. Bxg5 f6 25. Bf4 f5 26. Bxd6
Rf7 27. e5 Qe8 28. Rf4 Qe6 29. Rxd4 Qh6 30. Rh4 f4 31. Qf3 g5 32. Rg1 Rg7
33. Qd5+ Kh8 34. e6 gxh4 35. Be5 Rag8 36. e7 Bg6 37. Rxg6 Qxh5 38. Bxg7+
1-0

[Event "Politiken Cup"]
[Site "Helsingor DEN"]
[Date "2009.07.23"]
[Round "7"]
[White "Krueger,N"]
[Black "Wihlborn,B"]
[Result "1-0"]
[WhiteElo "2106"]
[BlackElo "1939"]
[EventDate "2009.07.18"]

1. e4 c5 2. d4 cxd4 3. c3 dxc3 4. Nxc3 Nc6 5. Nf3 d6 6. Bc4 e6 7. O-O Be7
8. Qe2 Nf6 9. Rd1 e5 10. Be3 Bg4 11. h3 Bxf3 12. Qxf3 O-O 13. Rac1 Rc8 14.
Bd5 Qa5 15. a3 a6 16. Ra1 b5 17. b4 Qc7 18. Rac1 Qb7 19. Qe2 Rfd8 20. Qa2
Bf8 21. Rc2 Nxd5 22. Nxd5 Ne7 23. Rdc1 Nxd5 24. Qxd5 Qxd5 25. exd5 Rxc2 26.
Rxc2 Ra8 27. Rc6 a5 28. Rb6 axb4 29. axb4 Ra1+ 30. Kh2 Rd1 31. Rxb5 f5 32.
Ba7 e4 33. Rb8 Rxd5 34. b5 Kf7 35. b6 Rb5 36. Rb7+ Ke6 37. Rc7 d5 38. g3
Bd6 39. Rxg7 d4 40. b7 d3 41. Be3 Bb4 42. Rxh7 d2 43. Rh6+ Kd5 44. Bb6 d1=Q
45. b8=Q Kc4 46. Rc6+ Kb3 47. Qg8+ Kb2 48. Qc4 Qd3 49. Bd4+ Ka3 50. Qc1+
Ka4 51. Qa1+ Ba3 52. Rc3 Rb3 53. Rxd3 exd3 54. Bc5 f4 55. gxf4 d2 56. Bxa3
Rd3 57. Bc1+ 1-0

[Event "Politiken Cup"]
[Site "Helsingor DEN"]
[Date "2009.07.23"]
[Round "7"]
[White "Rasmussen,M2"]
[Black "Peschardt,S"]
[Result "0-1"]
[WhiteElo "1958"]
[BlackElo "2102"]
[EventDate "2009.07.18"]

1. d4 f5 2. Nf3 Nf6 3. Bg5 e6 4. e3 b6 5. Nbd2 Bb7 6. Be2 Be7 7. c4 O-O 8.
O-O d6 9. Qb3 Nbd7 10. c5 Bd5 11. Bc4 Bxc4 12. Qxc4 d5 13. Qc2 bxc5 14.
dxc5 Bxc5 15. Nb3 Bd6 16. Nfd4 Qe7 17. Nc6 Qf7 18. Nbd4 Qh5 19. h4 Rae8 20.
Nb5 h6 21. Bxf6 Rxf6 22. Nxd6 cxd6 23. Qa4 Ne5 24. Nxe5 dxe5 25. Qxa7 Qxh4
26. Qd7 Ref8 27. a4 Rg6 28. f3 Qg5 29. Rf2 Qxe3 30. a5 e4 31. f4 Rb8 32.
Rb1 Qd3 33. Rc1 e3 34. Rc8+ Rxc8 35. Qxc8+ Kh7 36. Rf1 Qd2 0-1

[Event "Politiken Cup"]
[Site "Helsingor DEN"]
[Date "2009.07.23"]
[Round "7"]
[White "Omarsson,D"]
[Black "Nielsen,Pr1"]
[Result "1-0"]
[WhiteElo "2091"]
[BlackElo "1929"]
[EventDate "2009.07.18"]

1. e4 c6 2. d4 d5 3. Nc3 dxe4 4. Nxe4 Bf5 5. Ng3 Bg6 6. h4 h6 7. Nf3 Nd7 8.
h5 Bh7 9. Bd3 Bxd3 10. Qxd3 Qc7 11. Bd2 e6 12. O-O-O O-O-O 13. Ne4 Ngf6 14.
g3 Nxe4 15. Qxe4 Nf6 16. Qe2 Rd5 17. c4 Rxh5 18. Bf4 Qa5 19. Ne5 Rxh1 20.
Rxh1 Bd6 21. Nxf7 Bxf4+ 22. gxf4 Rf8 23. Qxe6+ Nd7 24. Ne5 Qd8 25. Rg1 1-0